000 00335cam a2200145ua 4500
041 _aeng
_h
082 _a821
_bKNO/HU
100 _aKnox, E.V .
245 _aHumorous verse /
_cE.V.Knox.
_hTextual Documents
260 _aLondon :
_bChatto and winds ,
_c1950.
300 _a268 ; .
504 _a
942 _cBK
999 _c849
_d849